Countries With Most Reliance in Wind Energy - Statistics

General Stats
  • This quiz has been taken 38 times
  • The average score is 16 of 20
Answer Stats
Hint Answer % Correct
82,183MW USA
94%
50,019MW Germany
92%
14,542MW UK
92%
11,898MW Canada
89%
168,690MW China
89%
4,328MW Netherlands
86%
12,065MW France
83%
28,665MW India
83%
3,234MW Japan
83%
5,782MW Poland
81%
23,075MW Spain
81%
6,519MW Sweden
81%
4,327MW Australia
78%
10,740MW Brazil
78%
5,227MW Denmark
78%
3,527MW Mexico
75%
5,316MW Portugal
75%
9,257MW Italy
72%
6,081MW Turkey
64%
3,028MW Romania
31%
No matching quizzes found
Score Distribution
Percent of People with Each Score
Percentile by Number Answered
Your Score History
You have not taken this quiz